Capital Cities of Africa - Beginner - Statistics

General Stats
  • This quiz has been taken 274 times
  • The average score is 12 of 18
Answer Stats
Country Capital % Correct
Egypt Cairo
100%
South Africa Pretoria/ Cape Town/ Bloemfontein
92%
Kenya Nairobi
86%
Tunisia Tunis
85%
Algeria Algiers
84%
Djibouti Djibouti City
80%
Ethiopia Addis Ababa
74%
Libya Tripoli
67%
Guinea-Bissau Bissau
63%
Democratic Republic of the Congo Kinshasa
62%
Sierra Leone Freetown
61%
Sudan Khartoum
59%
Somalia Mogadishu
59%
Nigeria Abuja
57%
Republic of the Congo Brazzaville
57%
Uganda Kampala
56%
Seychelles Victoria
55%
Republic of Mali Bamako
36%
No matching quizzes found
Score Distribution
Percent of People with Each Score
Percentile by Number Answered
Your Score History
You have not taken this quiz